Introducción a la sociología de grupos: historia, teorías, análisis
Saved in:
| Main Author: | |
|---|---|
| Format: | Book |
| Language: | Spanish |
| Published: |
Barcelona
Herder
1984
|
| Series: | Biblioteca de Psicología, 11
|
| Subjects: | |
| Tags: |
Add Tag
No Tags, Be the first to tag this record!
|
MARC
| LEADER | 00000nam a2200000 a 4500 | ||
|---|---|---|---|
| 001 | UCW9191 | ||
| 003 | CL-VaPUC | ||
| 008 | 881220e19840000SP |||||||||||||||||spa|d | ||
| 082 | 0 | 4 | |a 301 |b SCH |2 21 |
| 100 | 0 | |a Schäfers, Bernhard |e author |9 314353 | |
| 245 | 1 | 0 | |a Introducción a la sociología de grupos: historia, teorías, análisis |
| 300 | |a 320 p | ||
| 942 | |c BK | ||
| 945 | |d 19881220 00:00:00 | ||
| 260 | |a Barcelona |b Herder |c 1984 | ||
| 650 | 7 | |a GRUPOS PEQUEÑOS |2 CL-VaPUC |9 314354 | |
| 650 | 7 | |a COLECCION DE ESCRITOS |2 CL-VaPUC |9 269181 | |
| 650 | 0 | |a Grupos sociales |9 268887 | |
| 583 | |a last modification |c 19881220 00:00:00 |k Rodrigo Vera | ||
| 490 | 0 | |a Biblioteca de Psicología, 11 | |
| 999 | |c 221221 |d 221219 | ||
| 952 | |0 0 |1 0 |4 0 |6 301_000000000000000_SCH_1984 |7 0 |8 A |9 214302 |a BIBENE |b BIBENE |d 2019-11-15 |i 2829290 |o 301 SCH 1984 |p 2829290 |r 2025-01-15 |w 2019-11-15 |y BK |k ICO | ||